State Quiz - Utah - Statistics

General Stats
  • This quiz has been taken 31,285 times
    26,617 since last reset
  • The average score is 12 of 20
Answer Stats
Hint Answer % Correct
Capital city Salt Lake City
99%
Largest religious group Mormons
96%
Event hosted in 2002 Winter Olympics
91%
Intersection of Utah, Colorado, New Mexico, and Arizona Four {Corners}
87%
What are Zion, Bryce Canyon, and Arches? National Parks
76%
Utah resident who was the Republican nominee for President in 2012 Mitt Romney
72%
Person who founded the capital city Brigham Young
66%
Practice made illegal in 1890 Polygamy
64%
Besides watching movies, what do people do in Park City? Ski
62%
Partner of the Sundance Kid Butch Cassidy
59%
What are American Fork and Spanish Fork? Cities (and also Rivers)
59%
Film festival in Park City promoted by Robert Redford Sundance
57%
Last name of Donny and Marie Osmond
56%
Finishing touch to the Transcontinental Railroad Golden {Spike}
55%
What is a Utahraptor? a Dinosaur
50%
State nickname (hint: busy) The {Beehive} State
50%
In this region, water doesn't flow to the sea Great {Basin}
49%
Region of buttes that has been featured in many movie Westerns {Monument} Valley
36%
State tree Quaking {aspen}
34%
Salty area in which many land speed records have been set {Bonneville} Salt Flats
32%
No matching quizzes found
Score Distribution
Percent of People with Each Score
Percentile by Number Answered
Your Score History
You have not taken this quiz since the last reset